Año cristiano : abril - junio /

El año cristiano o año litúrgico designa las celebraciones que cada día realiza la Iglesia católica en el que conmemora la historia de la salvación en el misterio de Cristo. La presente colección BAC reúne en cuatro volúmenes dichas celebraciones, en el que varios autores plantean sus reflexiones at...

Descrizione completa

Salvato in:
Dettagli Bibliografici
Altri autori: Echeverria, Lamberto de (dir.) Direttore
Natura: Libro
Lingua:spagnolo
Serie:(Biblioteca de Autores Cristanos ; Historia y Hagiografía) 184.
Soggetti:
Tags: Aggiungi Tag
Nessun Tag, puoi essere il primo ad aggiungerne!!

MARC

LEADER 00000nam^a2200000^a^4500
001 000392511
005 20250521000000.0
009 20260310121242.75
037 |a Acervo Xavier Clavigero 
041 |a ESP 
082 |a 200.  |b BAC V. 184 
100 |a Echeverria, Lamberto de  |e (dir.) 
240 1 1 |a [Año cristiano BAC] 
245 1 0 |a Año cristiano :  |b abril - junio /  |c Dir. de L. de Echeverría... [et al.]. 
264 |a Madrid, España :  |b Editorial Católica,  |c 1959 
300 |a VIII, 782 p. 
336 |a texto  |b txt  |2 rdacontenido 
337 |a sin mediación  |b n  |2 rdamedio 
338 |a volumen  |b nc  |2 rdasoporte 
440 1 |a (Biblioteca de Autores Cristanos ;  |v 184.  |p Historia y Hagiografía) 
520 |a El año cristiano o año litúrgico designa las celebraciones que cada día realiza la Iglesia católica en el que conmemora la historia de la salvación en el misterio de Cristo. La presente colección BAC reúne en cuatro volúmenes dichas celebraciones, en el que varios autores plantean sus reflexiones atendiendo al tiempo o solemnidad que corresponda. Contenido de cada volumen: V. 1 Enero - marzo; V. 2 Abril - junio; V. 3 Julio - septiembre; V. 4 Octubre - diciembre. 
649 |a XX 
650 |a Hagiografía 
650 |a Fiestas Religiosas 
650 |a Ritos Religiosos 
650 |a Año Litúrgico -  |x Tema Principal 
650 |a Liturgia Cristiana 
650 |a Teología 
650 |a Catolicismo 
650 |a Cristianismo 
650 |a Religión 
910 |a Fondo General 
920 |a Impresos - Libros 
930 |a Colección General 
905 |a 101 
901 |a 046244  |b IT1  |c ACC  |u 20250521 
902 |a https://opac.biblio.iteso.mx/vufind/Record/000392511